Statystyki dla Państwa z największą ilością medali w gimnastyce

Kliknij tutaj aby rozwiązać quiz!

Ogólne statystyki

  • Ten quiz został rozwiązany 2 673 razy
  • Średni wynik to 11 z 17

Statystyki odpowiedzi

ZłoteSrebrneBrązoweŁączniePaństwo% Poprawnych
374235114Stany Zjednoczone
98%
26181761Chiny
96%
10151944Rosja
96%
14121541Niemcy | Republika Federalna Niemiec
94%
6131736Niemiecka Republika Demokratyczna
94%
310922Francja
91%
31333498Japonia
90%
23914Wielka Brytania
82%
145928Włochy
80%
53412Ukraina
64%
817247200Związek Radziecki
49%
25202671Rumunia
41%
15111440Węgry
41%
16191449Szwajcaria
36%
851225Finlandia
35%
52411Jugosławia
33%
12131035Czechosłowacja
26%

Rozkład punktacji

Percentyl według liczby udzielonych odpowiedzi

Procent ludzi z każdym wynikiem

Twoja historia wyników

Nie rozwiązałeś tego quizu